Normal view
MARC view
- MATHEMATICS FOR TECHNICIANS
Entry Topical Term
001 - CONTROL NUMBER
- control field: 80473
003 - CONTROL NUMBER IDENTIFIER
- control field: NUST
005 - DATE AND TIME OF LATEST TRANSACTION
- control field: 20210628210655.0
008 - FIXED-LENGTH DATA ELEMENTS
- fixed length control field: 210628|| aca||aabn | a|a d
040 ## - CATALOGING SOURCE
- Original cataloging agency: NUST
- Transcribing agency: NUST
150 ## - HEADING--TOPICAL TERM
- Topical term or geographic name entry element: MATHEMATICS FOR TECHNICIANS
670 ## - SOURCE DATA FOUND
- Source citation: Work cat.: (NUST): Greer, A, Taylor, G.W 80472, Mathematics for technicians, new level, 1982
